[Event "Luxembourg-chT 9900"]
[Site "Luxembourg"]
[Date "2000.02.20"]
[Round "7"]
[White "Manes, Marc"]
[Black "Staudt, Claude"]
[Result "1-0"]
[WhiteElo "1918"]
[BlackElo "1965"]
[PlyCount "69"]
[EventDate "1999.10.24"]
[EventType "team"]
[EventRounds "10"]
[EventCountry "LUX"]
[SourceTitle "EXT 2005"]
[Source "ChessBase"]
[SourceDate "2004.11.15"]
[SourceVersion "1"]
[SourceVersionDate "2004.11.15"]
[SourceQuality "1"]

1. Nf3 d5 2. d4 Nf6 3. g3 Bg4 4. Bg2 c6 5. 0-0 Nbd7 6. Nc3 e6 7. a3 a5 8. Re1 Bd6 9. e4 dxe4 10. Nxe4 Nxe4 11. Rxe4 Nf6 12. Bg5 Bh5 13. c4 Be7 14. Bxf6 gxf6 15. Qb3 Qc7 16. d5 Bg6 17. Ree1 cxd5 18. cxd5 e5 19. Rac1 Qd7 20. Nd2 0-0 21. Nc4 Bd8 22. d6 Ra7 23. Red1 b5 24. Ne3 Ra6 25. Qd5 Re8 26. Rc6 Qb7 27. Rxa6 Qxa6 28. Qc6 Qxc6 29. Bxc6 Rf8 30. Bxb5 f5 31. Nd5 Kg7 32. Ne7 f6 33. Nc6 Kf7 34. Bc4+ Ke8 35. d7# 1-0

[Event "Luxembourg-chT 9900"]
[Site "Luxembourg"]
[Date "2000.02.06"]
[Round "6"]
[White "Staudt, Claude"]
[Black "Weber, Tom"]
[Result "1/2-1/2"]
[WhiteElo "1965"]
[BlackElo "2009"]
[PlyCount "41"]
[EventDate "1999.10.24"]
[EventType "team"]
[EventRounds "10"]
[EventCountry "LUX"]
[SourceTitle "EXT 2005"]
[Source "ChessBase"]
[SourceDate "2004.11.15"]
[SourceVersion "1"]
[SourceVersionDate "2004.11.15"]
[SourceQuality "1"]

1. d4 Nf6 2. Nf3 g6 3. c4 Bg7 4. Nc3 d5 5. e3 0-0 6. b4 c6 7. Qb3 e6 8. Be2 Nbd7 9. 0-0 Re8 10. Bb2 Nb6 11. Ne5 Nfd7 12. Nxd7 dxc4 13. Bxc4 Bxd7 14. Rfd1 a5 15. bxa5 Rxa5 16. a4 Nxc4 17. Qxc4 e5 18. d5 cxd5 19. Rxd5 Rxd5 20. Nxd5 Be6 21. e4 1/2-1/2

[Event "Luxembourg-chT 9900"]
[Site "Luxembourg"]
[Date "2000.01.23"]
[Round "5"]
[White "Spartz, Gaston"]
[Black "Staudt, Claude"]
[Result "1/2-1/2"]
[WhiteElo "1940"]
[BlackElo "1965"]
[PlyCount "49"]
[EventDate "1999.10.24"]
[EventType "team"]
[EventRounds "10"]
[EventCountry "LUX"]
[SourceTitle "EXT 2005"]
[Source "ChessBase"]
[SourceDate "2004.11.15"]
[SourceVersion "1"]
[SourceVersionDate "2004.11.15"]
[SourceQuality "1"]

1. d4 d5 2. Bg5 Nf6 3. c3 c6 4. Nf3 Bf5 5. e3 e6 6. Qb3 Qb6 7. Bxf6 gxf6 8. Qxb6 axb6 9. Nbd2 b5 10. a3 Nd7 11. Nh4 Bg6 12. Be2 Nb6 13. Nxg6 fxg6 14. 0-0 Bd6 15. f4 0-0 16. Nf3 Nc4 17. Bxc4 bxc4 18. h3 Rfe8 19. Rae1 e5 20. fxe5 fxe5 21. Nxe5 Bxe5 22. dxe5 Rxe5 23. Rf3 Rae8 24. Kf2 Kg7 25. Rd1 1/2-1/2

[Event "Luxembourg-chT 9899"]
[Site "Luxembourg"]
[Date "1999.03.14"]
[Round "9"]
[White "Staudt, Claude"]
[Black "Schockmel, Jean Marie"]
[Result "1/2-1/2"]
[WhiteElo "1995"]
[BlackElo "2015"]
[PlyCount "70"]
[EventDate "1998.10.08"]
[EventType "team"]
[EventRounds "10"]
[EventCountry "LUX"]
[SourceTitle "EXT 2005"]
[Source "ChessBase"]
[SourceDate "2004.11.15"]
[SourceVersion "1"]
[SourceVersionDate "2004.11.15"]
[SourceQuality "1"]

1. d4 Nf6 2. Nf3 d6 3. c4 g6 4. Nc3 Bg7 5. e3 c6 6. Be2 0-0 7. 0-0 a5 8. b3 Bf5 9. Bb2 Qc7 10. Bd3 Bxd3 11. Qxd3 Nbd7 12. Rfd1 Rfe8 13. Ba3 Rad8 14. Qc2 b5 15. Bb2 d5 16. cxb5 cxb5 17. Qe2 b4 18. Na4 Rc8 19. Rac1 Qa7 20. Rxc8 Rxc8 21. Ne5 Qb7 22. Nxd7 Nxd7 23. Qd2 e6 24. Rc1 Bf8 25. Rc2 h5 26. Qc1 Rxc2 27. Qxc2 Qb5 28. g3 Kg7 29. Kg2 Be7 30. Nc5 Kf8 31. Nd3 Qb7 32. Kg1 Qb5 33. Qc8+ Kg7 34. Qc2 Kf8 35. Qc8+ Kg7 1/2-1/2

[Event "Luxembourg-chT 9899"]
[Site "Luxembourg"]
[Date "1999.01.24"]
[Round "7"]
[White "Rota, Emile"]
[Black "Staudt, Claude"]
[Result "0-1"]
[WhiteElo "1980"]
[BlackElo "1995"]
[PlyCount "112"]
[EventDate "1998.10.08"]
[EventType "team"]
[EventRounds "10"]
[EventCountry "LUX"]
[SourceTitle "EXT 2005"]
[Source "ChessBase"]
[SourceDate "2004.11.15"]
[SourceVersion "1"]
[SourceVersionDate "2004.11.15"]
[SourceQuality "1"]

1. e4 e6 2. d4 d5 3. e5 c5 4. c3 Ne7 5. Nf3 Nec6 6. Be2 b6 7. 0-0 Ba6 8. Bxa6 Nxa6 9. Bg5 Qd7 10. Nbd2 h6 11. Bh4 Be7 12. Bxe7 Nxe7 13. Qe2 Nc7 14. Nh4 cxd4 15. cxd4 0-0 16. f4 Nf5 17. Nxf5 exf5 18. Qh5 Nb5 19. Nf3 Kh7 20. Ng5+ Kg8 21. Nf3 Kh7 22. Rac1 g6 23. Qh4 Rac8 24. Qf6 Rfe8 25. a4 Nc7 26. Qc6 Qxc6 27. Rxc6 Ne6 28. Rfc1 Rxc6 29. Rxc6 Nxf4 30. Rc7 Kg8 31. Rxa7 Rc8 32. a5 bxa5 33. Rxa5 Rc1+ 34. Kf2 Rc2+ 35. Kg3 g5 36. Ne1 Rxb2 37. Ra4 Re2 38. Ra1 Rd2 39. Ra4 Rxd4 40. Rxd4 Ne2+ 41. Kf2 Nxd4 42. Ke3 Nc6 43. h4 Kg7 44. hxg5 hxg5 45. Nf3 Kg6 46. g3 Kh5 47. Nh2 Nxe5 48. Kd4 Ng4 49. Nf3 Nf6 50. Ne5 Ne4 51. Nxf7 Nxg3 52. Kxd5 f4 53. Kd4 g4 54. Ne5 Kg5 55. Nf7+ Kf6 56. Nd6 Nf5+ 0-1

[Event "Luxembourg-chT 9899"]
[Site "Luxembourg"]
[Date "1998.11.22"]
[Round "4"]
[White "Wirig, Anthony"]
[Black "Staudt, Claude"]
[Result "1-0"]
[WhiteElo "1865"]
[BlackElo "1995"]
[PlyCount "69"]
[EventDate "1998.10.08"]
[EventType "team"]
[EventRounds "10"]
[EventCountry "LUX"]
[SourceTitle "EXT 2005"]
[Source "ChessBase"]
[SourceDate "2004.11.15"]
[SourceVersion "1"]
[SourceVersionDate "2004.11.15"]
[SourceQuality "1"]

1. e4 e6 2. Nf3 d5 3. e5 c5 4. b4 cxb4 5. a3 Nc6 6. axb4 Bxb4 7. c3 Bf8 8. d4 Nh6 9. Bd3 Bd7 10. h4 Rc8 11. Bg5 f6 12. Bf4 a6 13. Qd2 Nf7 14. Qe2 Qc7 15. g3 fxe5 16. dxe5 Bc5 17. 0-0 0-0 18. Kg2 d4 19. Qe4 g6 20. h5 Nh8 21. Rh1 Ne7 22. Nxd4 Bxd4 23. Qxd4 Bc6+ 24. Be4 Nf5 25. Qc4 Bxe4+ 26. Qxe4 Qc6 27. Qxc6 Rxc6 28. Nd2 Rxc3 29. Ne4 Rc2 30. Nf6+ Kg7 31. hxg6 Kxg6 32. g4 Ng7 33. Rh6+ Kf7 34. Rxh7 Ng6 35. Bg3 1-0

[Event "Luxembourg-chT 9899"]
[Site "Luxembourg"]
[Date "1998.11.08"]
[Round "3"]
[White "Schuller, Jean Claude"]
[Black "Staudt, Claude"]
[Result "1-0"]
[WhiteElo "2005"]
[BlackElo "1995"]
[PlyCount "95"]
[EventDate "1998.10.08"]
[EventType "team"]
[EventRounds "10"]
[EventCountry "LUX"]
[SourceTitle "EXT 2005"]
[Source "ChessBase"]
[SourceDate "2004.11.15"]
[SourceVersion "1"]
[SourceVersionDate "2004.11.15"]
[SourceQuality "1"]

1. e4 e6 2. d4 d5 3. Nc3 Nf6 4. Bg5 Bb4 5. e5 h6 6. Bd2 Bxc3 7. bxc3 Ne4 8. Qg4 Kf8 9. Bd3 Nxd2 10. Kxd2 Qg5+ 11. Qxg5 hxg5 12. h3 c5 13. Nf3 f6 14. exf6 gxf6 15. Rab1 c4 16. Be2 Nc6 17. Nh2 Rb8 18. Ng4 Kf7 19. Ne3 b5 20. Bf3 Bd7 21. Rhf1 a5 22. Bg4 f5 23. Be2 Rh4 24. Rh1 b4 25. g4 bxc3+ 26. Kxc3 Rxb1 27. Rxb1 f4 28. Ng2 Rxh3+ 29. f3 Rg3 30. Ne1 Rg1 31. Rd1 Ne7 32. Kd2 Nc6 33. c3 e5 34. dxe5 Nxe5 35. Rb1 Nc6 36. Rb7 Ke8 37. Nc2 Rg2 38. Ne1 Rh2 39. Rb5 Be6 40. Rb6 Bd7 41. Rb5 Ke7 42. Rxd5 Be6 43. Rxg5 Rh8 44. Ng2 Rb8 45. Kc1 Kf6 46. Rc5 Ne5 47. Nxf4 Bf7 48. Rxa5 1-0

[Event "LUX-chABC"]
[Site "Dudelange"]
[Date "1997.04.03"]
[Round "6.9"]
[White "Staudt, Claude"]
[Black "Karp, Serge"]
[Result "0-1"]
[WhiteElo "1985"]
[BlackElo "2170"]
[PlyCount "66"]
[EventDate "1997.03.29"]
[EventType "swiss"]
[EventRounds "9"]
[EventCountry "LUX"]
[SourceTitle "EXT 2013"]
[Source "ChessBase"]
[SourceDate "2012.11.22"]
[SourceVersion "1"]
[SourceVersionDate "2012.11.22"]
[SourceQuality "1"]

1. d4 d5 2. Nf3 Nf6 3. Bg5 Ne4 4. Bh4 c5 5. c3 Qb6 6. Qb3 Qh6 7. e3 e6 8. Bb5+ Nc6 9. 0-0 Bd6 10. Bg3 Nxg3 11. hxg3 Bd7 12. dxc5 Bxc5 13. Nd4 0-0 14. Be2 Na5 15. Qd1 Rac8 16. Nd2 e5 17. N4b3 Nxb3 18. Nxb3 Be6 19. Nxc5 Rxc5 20. Qd2 Rfc8 21. Rac1 Qf6 22. Bf3 Rd8 23. Rcd1 Rd7 24. a3 g5 25. g4 h5 26. gxh5 g4 27. Be2 Qh4 28. Rfe1 Qxh5 29. g3 f6 30. Bf1 Rh7 31. Bg2 d4 32. cxd4 Bc4 33. dxc5 Qh2# 0-1

[Event "Luxembourg op"]
[Site "Luxembourg"]
[Date "1996.??.??"]
[Round "5"]
[White "Lorsche, Jean"]
[Black "Staudt, Claude"]
[Result "0-1"]
[WhiteElo "1640"]
[BlackElo "1940"]
[PlyCount "110"]
[EventDate "1996.??.??"]
[EventType "swiss"]
[EventRounds "9"]
[EventCountry "LUX"]
[SourceTitle "EXT 2005"]
[Source "ChessBase"]
[SourceDate "2004.11.15"]
[SourceVersion "1"]
[SourceVersionDate "2004.11.15"]
[SourceQuality "1"]

1. Nf3 d5 2. d4 Nf6 3. g3 e6 4. Bg2 Be7 5. 0-0 0-0 6. c3 c5 7. Nbd2 b6 8. Re1 Bb7 9. Nb3 Nbd7 10. Bf4 Re8 11. Qc2 Rc8 12. Qd1 c4 13. Nbd2 Nf8 14. Nf1 N8d7 15. N1d2 b5 16. Rc1 b4 17. Nb1 a5 18. Bd2 Ra8 19. b3 Ba6 20. Bf4 Qb6 21. Nfd2 cxb3 22. axb3 Rac8 23. Be3 Ng4 24. Bf4 g5 25. Be3 Nxe3 26. fxe3 Nf6 27. Bf3 Rc7 28. c4 dxc4 29. bxc4 Rec8 30. c5 Qb5 31. Qc2 Nd5 32. Bxd5 exd5 33. e4 Qd7 34. Kg2 Bb5 35. Qb2 dxe4 36. Nc4 Bxc4 37. Rxc4 Qd5 38. Rcc1 Rc6 39. e3 Rf6 40. Rf1 Rcc6 41. Nd2 g4 42. Qc2 Rxf1 43. Rxf1 f5 44. Ra1 Bd8 45. Ra4 Ra6 46. Kf2 Qe6 47. Qb3 Kf7 48. Qxe6+ Kxe6 49. Nb3 Kd5 50. Ke2 Rh6 51. Kf1 Rxh2 52. Nxa5 Bxa5 53. Rxa5 b3 54. c6+ Kxc6 55. Rc5+ Kd6 0-1

[Event "Luxembourg op"]
[Site "Luxembourg"]
[Date "1996.??.??"]
[Round "7"]
[White "Speksnijder, Robert"]
[Black "Staudt, Claude"]
[Result "0-1"]
[WhiteElo "1860"]
[BlackElo "1940"]
[PlyCount "110"]
[EventDate "1996.??.??"]
[EventType "swiss"]
[EventRounds "9"]
[EventCountry "LUX"]
[SourceTitle "EXT 2005"]
[Source "ChessBase"]
[SourceDate "2004.11.15"]
[SourceVersion "1"]
[SourceVersionDate "2004.11.15"]
[SourceQuality "1"]

1. d4 d5 2. c4 e6 3. Nc3 Nf6 4. Bf4 c6 5. e3 Nbd7 6. Nf3 Qa5 7. a3 dxc4 8. Bxc4 Nd5 9. Bxd5 exd5 10. 0-0 Be7 11. b4 Qd8 12. b5 0-0 13. bxc6 bxc6 14. Qa4 Bb7 15. Rfb1 Nb6 16. Qb3 Ba6 17. Ne5 Qc8 18. a4 f6 19. Nf3 Nc4 20. e4 Na5 21. Qb2 Qd7 22. exd5 cxd5 23. Nb5 Nc4 24. Qb3 Rac8 25. Re1 Rc6 26. Re2 Rfc8 27. Rae1 Bf8 28. h3 Rb6 29. Rb1 Na3 30. Rbe1 Nxb5 31. axb5 Bxb5 32. Re3 Bc4 33. Qc2 Bb4 34. Nd2 Ba6 35. Qa2 Bb5 36. Rb1 a5 37. Rg3 Rbc6 38. Bh6 Rc1+ 39. Rxc1 Rxc1+ 40. Kh2 Bf8 41. Ne4 Rc6 42. Qxa5 dxe4 43. Qxb5 Rc7 44. Qb3+ Qf7 45. Bf4 Rb7 46. Qxf7+ Kxf7 47. Re3 g5 48. Bg3 f5 49. f4 Bd6 50. Rc3 gxf4 51. Bf2 e3 52. Bh4 f3+ 53. g3 Rb2+ 54. Kg1 Rg2+ 55. Kf1 e2+ 0-1

[Event "Luxembourg op"]
[Site "Luxembourg"]
[Date "1996.??.??"]
[Round "8"]
[White "Staudt, Claude"]
[Black "Monaville, Guy"]
[Result "0-1"]
[WhiteElo "1940"]
[BlackElo "2210"]
[PlyCount "122"]
[EventDate "1996.??.??"]
[EventType "swiss"]
[EventRounds "9"]
[EventCountry "LUX"]
[SourceTitle "EXT 2005"]
[Source "ChessBase"]
[SourceDate "2004.11.15"]
[SourceVersion "1"]
[SourceVersionDate "2004.11.15"]
[SourceQuality "1"]

1. d4 d6 2. Nf3 Bg4 3. e3 Nf6 4. Be2 Nbd7 5. c4 c6 6. Nc3 e5 7. Qc2 Be7 8. 0-0 0-0 9. b3 Re8 10. Bb2 Bh5 11. d5 cxd5 12. cxd5 Rc8 13. Qd1 Qa5 14. Rc1 Nb6 15. e4 a6 16. Nd2 Bg6 17. Re1 Nbd7 18. Nc4 Qd8 19. f3 b5 20. Ne3 Qb6 21. Bf1 Nh5 22. Kh1 Bg5 23. Qe2 Bh4 24. Red1 Qd8 25. Nf5 Bxf5 26. exf5 Ng3+ 27. hxg3 Bxg3 28. Qe4 Nf6 29. Qb4 a5 30. Qxb5 Nh5 31. Qxe8+ Qxe8 32. Ne4 Rxc1 33. Rxc1 Qd8 34. Nxg3 Nxg3+ 35. Kg1 h6 36. Bd3 Qb6+ 37. Kh2 Qe3 38. Rc8+ Kh7 39. Be4 Nxe4 40. fxe4 Qxe4 41. Ba3 Qxd5 42. Rd8 e4 43. Rxd6 Qxf5 44. Rd8 Qe5+ 45. g3 e3 46. Bc1 e2 47. Bd2 e1Q 48. Bxe1 Qxe1 49. a4 Qf2+ 50. Kh3 Qf5+ 51. Kh2 Qc2+ 52. Kh3 Qxb3 53. Kh4 Qxa4+ 54. g4 Qf4 55. Kh3 Qf3+ 56. Kh2 a4 57. g5 hxg5 58. Kg1 a3 59. Rf8 a2 60. Kh2 Qf4+ 61. Kg2 a1Q 0-1